Exercicios espirituales de el Divino Infante Jesus, disposicion, que una alma devota de este mysterio, ha observado en el Santo Adviento, comenzando desde el dia veinte y dos de noviembre, hasta cumplir treinta y tres dias, que son los previos à la pasqua. A devocion de un zeloso del aprochamiento de las almas

Detalles Bibliográficos
Formato: Libro
Lenguaje:Spanish
Publicado: reimpressos en Mexico : por D. Felipe de Zuñiga, y Ontiveros, 1774.
Materias:
Colección:Banco de datos
Acervo:Monasterio de Santa Catalina de Siena de la Orden de Santo Domingo de Morelia. Michoacán
Descripción Física:[57] h. : il. ; 8°
Tema general:Ascética
Notas:Incluye ilustración en grabado calcográfico. Portada con pleca en grabado xilográfico. Encuadernación en pergamino. Ex libris manuscrito en la guarda anterior: "Noviciado". Daños de polilla
LEADER 01035nam a22001570004500
035 |a 201 
041 0 |a spa 
245 1 0 |a Exercicios espirituales de el Divino Infante Jesus, disposicion, que una alma devota de este mysterio, ha observado en el Santo Adviento, comenzando desde el dia veinte y dos de noviembre, hasta cumplir treinta y tres dias, que son los previos à la pasqua. A devocion de un zeloso del aprochamiento de las almas 
260 |a reimpressos en Mexico : por D. Felipe de Zuñiga, y Ontiveros, 1774. 
300 |a [57] h. : il. ; 8° 
500 |a Incluye ilustración en grabado calcográfico. Portada con pleca en grabado xilográfico. Encuadernación en pergamino. Ex libris manuscrito en la guarda anterior: "Noviciado". Daños de polilla 
650 1 0 |a Ascética 
949 |a Monasterio de Santa Catalina de Siena y Santa Ana del Convento de Dominicas de Morelia, Michoacán: 261 
942 |c DOMMOR 
943 |g Monasterio de Santa Catalina de Siena de la Orden de Santo Domingo de Morelia. Michoacán 
999 |c 1104257  |d 1104257